Statistics for Football Tile Select Quiz

Click here to take the quiz!

General Stats

  • This quiz has been taken 14 times
  • The average score is 67 of 80

Answer Stats

QuestionTileSelect% Correct
Ballon d'Or winnersAlan ShearerNo
100%
Ballon d'Or winnersÁlvaro MorataNo
100%
Scorers in a World Cup finalÁlvaro MorataNo
100%
Champions League winnersArsenalNo
100%
Champions League winnersBarcelonaYes
100%
Champions League winnersBayer LeverkusenNo
100%
Champions League winnersBayern MunichYes
100%
Teams coached by Jose MourinhoBorussia DortmundNo
100%
Transfers for 80 million Euros or moreCristiano RonaldoYes
100%
Transfers for 80 million Euros or moreErling HaalandNo
100%
Ballon d'Or winnersFrancesco TottiNo
100%
Scorers in a World Cup finalHarry KaneNo
100%
Teams coached by Jose MourinhoJuventusNo
100%
Ballon d'Or winnersKevin De BruyneNo
100%
Teams coached by Jose MourinhoLos Angeles GalaxyNo
100%
Teams coached by Jose MourinhoMálagaNo
100%
Teams coached by Jose MourinhoManchester UnitedYes
100%
Transfers for 80 million Euros or moreMarco van BastenNo
100%
Transfers for 80 million Euros or moreNeymarYes
100%
Ballon d'Or winnersNeymarNo
100%
Teams coached by Jose MourinhoParis Saint-GermainNo
100%
Champions League winnersParis Saint-GermainNo
100%
Teams coached by Jose MourinhoPSV EindhovenNo
100%
Transfers for 80 million Euros or moreRaheem SterlingNo
100%
Champions League winnersReal MadridYes
100%
Teams coached by Jose MourinhoReal MadridYes
100%
Transfers for 80 million Euros or moreZlatan IbrahimovicNo
100%
Scorers in a World Cup finalAlessandro Del PieroNo
92%
Transfers for 80 million Euros or moreÁlvaro MorataNo
92%
Teams coached by Jose MourinhoBarcelonaNo
92%
Teams coached by Jose MourinhoChelseaYes
92%
Ballon d'Or winnersCristiano RonaldoYes
92%
Champions League winnersCSKA MoscowNo
92%
Transfers for 80 million Euros or moreEden HazardYes
92%
Transfers for 80 million Euros or moreKylian MbappéYes
92%
Transfers for 80 million Euros or moreLionel MessiNo
92%
Ballon d'Or winnersLionel MessiYes
92%
Teams coached by Jose MourinhoLiverpoolNo
92%
Transfers for 80 million Euros or moreLuka ModrićNo
92%
Champions League winnersManchester CityNo
92%
Champions League winnersMilanYes
92%
Champions League winnersMonacoNo
92%
Scorers in a World Cup finalPeléYes
92%
Teams coached by Jose MourinhoPortoYes
92%
Champions League winnersRomaNo
92%
Scorers in a World Cup finalRonaldoYes
92%
Champions League winnersAjaxYes
85%
Champions League winnersAtlético MadridNo
85%
Ballon d'Or winnersEric CantonaNo
85%
Ballon d'Or winnersJohan CruyffYes
85%
Scorers in a World Cup finalKakáNo
85%
Scorers in a World Cup finalLionel MessiNo
85%
Scorers in a World Cup finalMario GötzeYes
85%
Ballon d'Or winnersRonaldoYes
85%
Teams coached by Jose MourinhoTottenham HotspurYes
85%
Ballon d'Or winnersZinedine ZidaneYes
85%
Transfers for 80 million Euros or moreZinedine ZidaneNo
85%
Scorers in a World Cup finalAndrés IniestaYes
77%
Transfers for 80 million Euros or moreAntoine GriezmannYes
77%
Transfers for 80 million Euros or moreGareth BaleYes
77%
Teams coached by Jose MourinhoInter MilanYes
77%
Champions League winnersMarseilleYes
77%
Scorers in a World Cup finalThierry HenryNo
77%
Scorers in a World Cup finalZinedine ZidaneYes
77%
Ballon d'Or winnersGerd MüllerYes
69%
Champions League winnersNottingham ForestYes
69%
Ballon d'Or winnersPaolo MaldiniNo
69%
Scorers in a World Cup finalFranz BeckenbauerNo
62%
Scorers in a World Cup finalGerd MüllerYes
62%
Teams coached by Jose MourinhoRomaYes
62%
Scorers in a World Cup finalGeoff HurstYes
54%
Ballon d'Or winnersGeorge BestYes
54%
Champions League winnersSteaua BucureștiYes
54%
Transfers for 80 million Euros or moreVirgil van DijkYes
54%
Ballon d'Or winnersFerenc PuskásNo
46%
Transfers for 80 million Euros or moreKepa ArrizabalagaYes
46%
Ballon d'Or winnersLothar MatthäusYes
38%
Scorers in a World Cup finalPaolo RossiYes
38%
Teams coached by Jose MourinhoBenficaYes
23%
Scorers in a World Cup finalDiego MaradonaNo
23%

Score Distribution

Percentile by Number Answered

Percent of People with Each Score

Your Score History

You have not taken this quiz